ਦਸਮਗੁਰੂ-ਬਾਨੀ ਦੇ ਰੂਪ-ਮਾਡਲ / (Record no. 111182)

MARC details
000 -LEADER
fixed length control field 00918nam a22002417a 4500
010 ## - LIBRARY OF CONGRESS CONTROL NUMBER
LC control number A-935086
020 ## - INTERNATIONAL STANDARD BOOK NUMBER
Terms of availability 140.00
035 ## - SYSTEM CONTROL NUMBER
System control number A-935086
037 ## - SOURCE OF ACQUISITION
Stock number Cen Lib / Ret
040 ## - CATALOGING SOURCE
Original cataloging agency DPL
Language of cataloging PN
082 ## - DEWEY DECIMAL CLASSIFICATION NUMBER
Classification number 260
Item number ਗਿਲਮ
100 ## - MAIN ENTRY--PERSONAL NAME
Personal name ਗਿਲ, ਮਹਿੰਦਰ ਕੌਰ
9 (RLIN) 138524
245 ## - TITLE STATEMENT
Title ਦਸਮਗੁਰੂ-ਬਾਨੀ ਦੇ ਰੂਪ-ਮਾਡਲ /
Remainder of title ਮਹਿੰਦਰ ਕੌਰ ਗਿਲ
246 ## - VARYING FORM OF TITLE
Title proper/short title Das guru-banni de roop-madle /
Remainder of title by Mohinder Kaur Gill
260 ## - PUBLICATION, DISTRIBUTION, ETC. (IMPRINT)
Place of publication, distribution, etc ਦਿੱਲੀ
Name of publisher, distributor, etc ਮਨਪ੍ਰੀਤ ਪ੍ਰਕਾਸ਼ਨ
Date of publication, distribution, etc 1999
270 ## - ADDRESS
Address 16/16 (1st floor), ਗੀਤਾ ਕਲੋਨੀ
City ਦਿੱਲੀ
Postal code 110031
300 ## - PHYSICAL DESCRIPTION
Extent 131p ;
Other physical details 24cm(Hb)
650 ## - SUBJECT ADDED ENTRY--TOPICAL TERM
Topical term or geographic name as entry element ਸਿੱਖ ਬਾਣੀ.
9 (RLIN) 1541
650 ## - SUBJECT ADDED ENTRY--TOPICAL TERM
Topical term or geographic name as entry element Sikh hymns.
9 (RLIN) 73509
650 ## - SUBJECT ADDED ENTRY--TOPICAL TERM
Topical term or geographic name as entry element ਸਿੱਖ ਧਰਮ
9 (RLIN) 1488
650 ## - SUBJECT ADDED ENTRY--TOPICAL TERM
Topical term or geographic name as entry element Sikh religion
9 (RLIN) 79271
942 ## - ADDED ENTRY ELEMENTS (KOHA)
Source of classification or shelving scheme Dewey Decimal Classification
Koha item type Punjabi Bks
Classification part 260
Call number suffix ਗਿਲਮ
Holdings
Withdrawn status Lost status Damaged status Not for loan Home library Current library Date acquired Source of acquisition Cost, normal purchase price Total Checkouts Full call number Barcode Date last seen Copy number Cost, replacement price Price effective from Koha item type
        Central Library Central Library 17/03/2016 Cen Lib/Ret 140.00   260 ਗਿਲਮ A-935086 17/03/2016 1 140.00 17/03/2016 Punjabi Bks

© Delhi Public Library
Hit Counter
free hit counter